| 000 | 00752nam a2200229Ia 4500 | ||
|---|---|---|---|
| 003 | GCL | ||
| 005 | 20240530102948.0 | ||
| 008 | 140319s9999 xx 000 0 ara d | ||
| 040 |
_aGCL / _cGCL |
||
| 082 | 0 | 4 |
_a607.3/ _bأ ع |
| 100 | 0 | _aانطوان زحلان | |
| 245 | 1 | 2 |
_aالعلم والسياسة العلمية فى الوطن العربى / _cانطوان زحلان |
| 260 |
_aبيروت : _bمركز دراسات الوحدة العربية ، _c1981 |
||
| 300 | _a282 ص | ||
| 650 | 0 | 4 | _aمصر |
| 650 | 0 | 4 | _aالعالم العربى |
| 650 | 0 | 4 | _aالتكنولوجيا |
| 650 | 0 | 4 | _aالبحوث |
| 650 | 0 | 4 | _aالعلوم التطبيقية |
| 700 | 1 | _aمركز دراسات الوحدة العربية | |
| 942 |
_2ddc _cBK |
||
| 999 |
_c35712 _d35712 |
||